| 000 | 00764nam a22001937a 4500 | ||
|---|---|---|---|
| 999 |
_c19415 _d19415 |
||
| 003 | AR-CdUCM | ||
| 008 | 190517b ||||| |||| 00| 0 spa d | ||
| 040 |
_aMUNICIPALIDAD PROVINCIAL DEL CUSCO _cBIBLIOTECA MUNICIPAL DEL CUSCO |
||
| 082 |
_a312.9 / _bC77 |
||
| 100 |
_aCoontz, Sydney H. _940739 |
||
| 245 | _aTeorias de la población y su interpretación económica / | ||
| 260 |
_aMexico : _bFondo de cultura economica, _c1960. |
||
| 300 |
_a204 paginas ; _bIlustraciones, graficos, dibujos, _c22 cm. |
||
| 505 | _aContenido: Metodologia -- Teorias biologicas -- Teorias culturales -- El analisi economico -- Continuacion del analisis economico... | ||
| 650 |
_aPoblación _93673 |
||
| 650 |
_aEconomia _9382 |
||
| 942 |
_2ddc _cLIBROS |
||
| 945 |
_apjha _d2019-05-17 |
||